Reverse Dictionary #55 - Statistics

General Stats
  • This quiz has been taken 38 times
  • The average score is 17 of 25
Answer Stats
Definition First
Letter
Word % Correct
One who has rightful possession of or has legal title to property, goods or capital. O Owner
97%
The solid remains of a fire. A Ash
94%
(law enforcement) A police officer who looks for evidence as part of solving a crime; an investigator. D Detective
94%
To take an oath, to promise intensely, solemnly, and/or with legally binding effect. S Swear
94%
A performer's first performance to the public, in sport, the arts or some other area. D Debut
91%
A room containing a number of beds (and often some other furniture and/or utilities) for sleeping, often applied to student and backpacker accommodation of this kind. D Dorm
91%
The part of life following childhood; the period of existence preceding maturity or age; the whole early part of life, from childhood, or, sometimes, from infancy, to adulthood. Y Youth
91%
To sadden or displease (someone) by underperforming, or by not delivering something promised or hoped for. D Disappoint
88%
An English unit of length equal to 1/12 of a foot or 2.54 cm, roughly the width of a thumb. I Inch
88%
A journey or effort in pursuit of a goal (often lengthy, ambitious, or fervent); a mission. Q Quest
85%
To move on the feet by alternately setting each foot (or pair or group of feet, in the case of animals with four or more feet) forward, with at least one foot on the ground at all times. W Walk
82%
Refusing to move or to change one's opinion; obstinate; firmly resisting; persistent in doing something. S Stubborn
74%
A group of persons united for a common purpose; an organization; a society. A Association
65%
To violate rules in order to gain, or attempt to gain, advantage from a situation. C Cheat
65%
To stop (an outcome); to keep from (doing something). P Prevent
59%
A mechanical device intended to make a task easier. T Tool
59%
To make a line of holes in (a thin material) to allow separation at the line. P Perforate
56%
(mathematics) Any mathematical rule expressed symbolically. F Formula
53%
A practitioner in the remediation of a physical or psychological health problem following a diagnosis. T Therapist
53%
One who supports or advocates for the creation of a sovereign nation (which does not currently exist). N Nationalist
50%
Being extroverted or outgoing. S Social
50%
An inhabited area: a village, town, or city. P Place
44%
Having or showing the capacity to do something well. S Skilled
35%
A wish or urge, particularly a sudden one prompting action. I Impulse
32%
An affectionate hug. S Snuggle
18%
No matching quizzes found
Score Distribution
Percent of People with Each Score
Percentile by Number Answered
Your Score History
You have not taken this quiz